Bundesliga-Rekorde pro Verein 00er - Statistiken

Allgemein
  • Dieses Quiz wurde 213 mal gespielt
  • Das Durchschnittsergebnis liegt bei 22 aus 84
Antwortstatistiken
Verein Rekord Antwort % Korrekt
SV Werder Bremen Trainer Thomas Schaaf
78%
FC Bayern München Trainer Ottmar Hitzfeld
68%
FC Bayern München Spiele Oliver Kahn
65%
SV Werder Bremen Tore Aílton
64%
FSV Mainz 05 Trainer Jürgen Klopp
64%
TSG Hoffenheim Tore Vedad Ibisevic
60%
VfB Stuttgart Tore Mario Gomez
57%
1. FC Kaiserslautern Tore Miroslav Klose
56%
SC Freiburg Trainer Volker Finke
54%
TSG Hoffenheim Trainer Ralf Rangnick
53%
FC Bayern München Tore Roy Makaay
53%
VfB Stuttgart Trainer Felix Magath
52%
Borussia Dortmund Trainer Matthias Sammer
48%
Hannover 96 Trainer Dieter Hecking
43%
Borussia Dortmund Tore Jan Koller
43%
Alemania Aachen Tore Jan Schlaudraff
43%
VfL Bochum Trainer Marcel Koller
43%
Energie Cottbus Trainer Edmund Geyer
42%
1. FC Nürnberg Tore Marek Mintal
42%
SV Werder Bremen Spiele Frank Baumann
41%
TSV 1860 München Tore Martin Max
40%
Borussia Mönchengladbach Trainer Hans Meyer
39%
1. FC Nürnberg Trainer Hans Meyer
39%
Eintracht Frankfurt Trainer Friedhelm Funkel
38%
Hertha BSC Berlin Tore Marcelinho
38%
FC Schalke 04 Trainer Mirko Slomka
38%
FC Hansa Rostock Trainer Armin Veh
36%
Hamburger SV Trainer Thomas Doll
36%
DSC Arminia Bielefeld Tore Artur Wichniarek
35%
FC Schalke 04 Tore Kevin Kuranyi
35%
1. FC Nürnberg Spiele Andreas Wolf
33%
TSV 1860 München Trainer Werner Lorant
33%
VfL Wolfsburg Trainer Wolfgang Wolf
33%
Borussia Dortmund Spiele Dede
32%
Hamburger SV Tore Sergej Barbarez
31%
FC St. Pauli Spiele Holger Stanislawski
30%
Hertha BSC Berlin Spiele Pal Dardai
28%
Alemania Aachen Trainer Michael Frontzeck
27%
Bayer 04 Leverkusen Tore Dimitar Berbatov
26%
Hertha BSC Berlin Trainer Falko Götz
26%
VfB Stuttgart Spiele Timo Hildebrand
26%
Energie Cottbus Spiele Timo Rost
24%
Bayer 04 Leverkusen Spieler Bernd Schneider
22%
Eintracht Frankfurt Tore Ioannis Amanatidis
20%
Borussia Mönchengladbach Tore Oliver Neuville
20%
Karlsruher SC Trainer Edmund Becker
19%
FC Schalke 04 Spiele Gerald Asamoah
18%
SpVgg Unterhaching Trainer Lorenz-Günther Köstner
18%
Bayer 04 Leverkusen Trainer Michael Skibbe
18%
Energie Cottbus Tore Dimitar Rangelov
16%
1. FC Köln Trainer Ewald Lienen
16%
FSV Mainz 05 Tore Mohamed Zidan
16%
VfL Bochum Tore Vahid Hashemian
16%
1. FC Kaiserslautern Trainer Andreas Brehme
15%
VfL Wolfsburg Tore Diego Klimowicz
15%
TSG Hoffenheim Spiele Marvin Compper
14%
SC Freiburg Tore Alexander Iashvili
13%
FSV Mainz 05 Spiele Nikolce Noveski
12%
SpVgg Unterhaching Tore André Breitenreiter
11%
DSC Arminia Bielefeld Spiele Rüdiger Kauf
11%
DSC Arminia Bielefeld Trainer Thomas von Heesen
11%
Hamburger SV Spiele David Jarolim
10%
MSV Duisburg Spiele Ivica Grlic
10%
Hannover 96 Tore Jiri Stajner
10%
Hannover 96 Spiele Jiri Stajner
10%
1. FC Köln Spieler Matthias Scherz
10%
FC St. Pauli Trainer Dietmar Demuth
9%
Karlsruher SC Tore Sebastian Freis
8%
Karlsruher SC Spiele Sebastian Freis
8%
FC St. Pauli Tore Thomas Meggle
8%
1. FC Köln Tore Dirk Lottner
7%
MSV Duisburg Trainer Rudi Bommer
7%
SpVgg Unterhaching Spiele Danny Schwarz
6%
VfL Bochum Spiele Marcel Maltritz
6%
1. FC Kaiserslautern Spieler Vratislav Lokvenc
5%
MSV Duisburg Tore Manasseh Ishiaku
4%
Eintracht Frankfurt Spiele Patrick Ochs
4%
SC Freiburg Spiele Soumalia Coulibaly
3%
VfL Wolfsburg Spiele Miroslav Karhan
2%
TSV 1860 München Spiele Harald Czerny
1%
FC Hansa Rostock Tore René Rydlewitz
1%
FC Hansa Rostock Spiele René Rydlewitz
1%
Alemania Aachen Spiele Jeffrey Leiwakabessy
0%
Borussia Mönchengladbach Spiele Peer Kluge
0%
Keine übereinstimmenden Quizze gefunden
Verteilung der Resultate
Anzahl Personen mit jedem Resultat
Perzentil nach korrekt beantworteten Fragen
Ihre Resultats-Entwicklung
Sie haben dieses Quiz noch nicht gespielt